| Tag |
First Indicator |
Second Indicator |
Subfields |
| LEADER |
00000cam a2200000 a 4500 |
| 001 |
in00000026134 |
| 005 |
20151007055823.0 |
| 008 |
880302s1987 si abf b 00010 eng d |
| 010 |
|
|
|a gb 88018835
|
| 015 |
|
|
|a GB88-18835
|
| 020 |
|
|
|a 0195826906 :
|c £6.95
|
| 035 |
|
|
|a (OCoLC)17727635
|
| 035 |
|
|
|9 AAB9356AM
|
| 040 |
|
|
|a UKM
|c UKM
|d OUN
|d OCL
|d TXA
|d UtOrBLW
|
| 043 |
|
|
|a as-----
|
| 049 |
|
|
|a TXAM
|c [A11111950]
|
| 050 |
|
4 |
|a NA7432
|b .D85 1987
|
| 082 |
0 |
|
|a 728/.0959
|2 19
|
| 100 |
1 |
|
|a Dumarçay, Jacques.
|
| 245 |
1 |
4 |
|a The house in South-East Asia /
|c Jacques Dumarçay ; translated and edited by Michael Smithies.
|
| 264 |
|
1 |
|a Singapore ;
|a New York :
|b Oxford University Press,
|c 1987.
|
| 300 |
|
|
|a 74 pages, 16 pages of plates :
|b illustrations (some color), maps ;
|c 21 cm.
|
| 336 |
|
|
|a text
|b txt
|2 rdacontent
|
| 337 |
|
|
|a unmediated
|b n
|2 rdamedia
|
| 338 |
|
|
|a volume
|b nc
|2 rdacarrier
|
| 490 |
1 |
|
|a Images of Asia
|
| 504 |
|
|
|a Bibliography: pages 73-74.
|
| 500 |
|
|
|a Maps on lining papers.
|
| 650 |
|
0 |
|a Architecture, Domestic
|z Southeast Asia.
|
| 653 |
|
|
|a South-East Asia
|a Residences
|a Architectural features
|
| 700 |
1 |
|
|a Smithies, Michael,
|d 1932-
|
| 830 |
|
0 |
|a Images of Asia.
|
| 999 |
|
|
|a MARS
|
| 999 |
f |
f |
|s 024350fe-e908-3ad9-a7c7-b875c5b107b8
|i 4e275a16-7e0c-3b95-919b-6ade9c6970e5
|t 0
|
| 952 |
f |
f |
|p normal
|a Texas A&M University
|b College Station
|c Sterling C. Evans Library
|d Evans: Library Stacks
|t 0
|e NA7432 .D85 1987
|h Library of Congress classification
|i unmediated -- volume
|m A14811111950
|
| 998 |
f |
f |
|a NA7432 .D85 1987
|t 0
|l Evans: Library Stacks
|